00744nam a2200193 i 450000100060000000300090000600500170001500700030003200800410003510000410007624501200011726000420023730000210027950000460030071000330034685200320037999900170041195201220042870399ES-MaACL20230906170816.0t|040723s1963 sp ||||1| spa d1 aGarcía Santesmases, José.95527210aDiscurso correspondiente a la solemne apertura del curso académico 1963-1964 / cpor José García Santesmases. aMadrid : b[s.n., c1963] (fEstades) a49 p. ; c25 cm. aPrecede al tít.: Universidad de Madrid.2 aUniversidad de Madrid.97205 aES-MaACLjC-25340 bR.53600 c70399d70399 00104070aATENEOMbATENEOMcDEPO2d2008-01-17eSCl0oC-25340p1073718r2023-02-23 00:00:00w2023-02-23yMONOGRAFIA